Impuesto municipal a las actividades lucrativas (Registro nro. 6521)
[ vista simple ]
| 000 -LEADER | |
|---|---|
| fixed length control field | 01047 a2200241 4500 |
| 001 - CONTROL NUMBER | |
| control field | 58936 |
| 005 - DATE AND TIME OF LATEST TRANSACTION | |
| control field | 20260407155843.0 |
| 008 - FIXED-LENGTH DATA ELEMENTS--GENERAL INFORMATION | |
| fixed length control field | 260407a1970 arg spa d |
| 003 - CONTROL NUMBER IDENTIFIER | |
| control field | AR-UNSa-BCEJYS |
| 040 ## - CATALOGING SOURCE | |
| Original cataloging agency | AR-UNSa-BCEJYS |
| Language of cataloging | spa |
| Transcribing agency | AR-UNSa-BCEJYS |
| 080 ## - UNIVERSAL DECIMAL CLASSIFICATION NUMBER | |
| Universal Decimal Classification number | 336.226 |
| Common auxiliary subdivision | Tipos de impuestos. Impuestos directos e indirectos<br/> |
| 041 ## - LANGUAGE CODE | |
| Language code of text/sound track or separate title | spa |
| 100 1# - MAIN ENTRY--PERSONAL NAME | |
| Personal name | Garcia, Ricardo |
| 245 10 - TITLE STATEMENT | |
| Title | Impuesto municipal a las actividades lucrativas |
| Name of part/section of a work | convenios multilaterales para evitar la doble imposición |
| 250 ## - EDITION STATEMENT | |
| Edition statement | 2a. ed. |
| 264 #1 - PRODUCTION, PUBLICATION, DISTRIBUTION, MANUFACTURE, AND COPYRIGHT NOTICE | |
| Place of production, publication, distribution, manufacture | Buenos Aires : |
| Name of producer, publisher, distributor, manufacturer | Cangallo |
| Date of production, publication, distribution, manufacture, or copyright notice | 1970 |
| 300 ## - PHYSICAL DESCRIPTION | |
| Extent | 903 p. |
| Dimensions | 23 cm. |
| 505 ## - FORMATTED CONTENTS NOTE | |
| Formatted contents note | 1. Evolución de las ordenanzas fiscales y tarifarias correspondientes a los años 1949 a 1968 – 2. Textos de las ordenanzas fiscales y tarifarias años 1949 a 1968 – 3. Disposiciones complementarias – 4. Convenios multilaterales – 5. Jurisprudencia – 6. Tablas de alícuotas – 7. Formularios |
| 590 ## - LOCAL NOTE (RLIN) | |
| Local note | niveau_biblio:m niveau_hierar:0 |
| 700 1# - ADDED ENTRY--PERSONAL NAME | |
| Personal name | Fratalocchi, Aldo |
| 700 1# - ADDED ENTRY--PERSONAL NAME | |
| Personal name | Amigo, Rubén Oscar |
| 942 ## - ADDED ENTRY ELEMENTS (KOHA) | |
| Koha item type | |
| Withdrawn status | Lost status | Damaged status | Not for loan | Home library | Current library | Shelving location | Date acquired | Total checkouts | Full call number | Barcode | Date last seen | Price effective from | Koha item type |
|---|---|---|---|---|---|---|---|---|---|---|---|---|---|
| Biblioteca Prof. Eusebio Cleto del Rey | Biblioteca Prof. Eusebio Cleto del Rey | 07/04/2026 | 336.226 G216 2ed. | L22723 | 07/04/2026 | 07/04/2026 | Libro | ||||||
| Biblioteca Prof. Eusebio Cleto del Rey | Biblioteca Prof. Eusebio Cleto del Rey | 07/04/2026 | 336.226 G216 2ed. | L23923 | 07/04/2026 | 07/04/2026 | Libro |